000 00343nam a2200133Ia 4500
008 260604s9999 xx 000 0 und d
020 _a9781786172624
082 _a808.3 KEL
100 _aMiles Kelly Publishing Ltd
_935276
245 0 _aIllustrated Treasury of The Brothers Grimm
260 _bSHREE
500 _aBrothers Grimm
942 _cBK
999 _c8040
_d8040